Statistics for States that border Kentucky

Click here to take the quiz!

General Stats

  • This quiz has been taken 282 times
  • The average score is 6 of 7

Answer Stats

HintAnswer% Correct
5Tennessee
96%
4Ohio
93%
7West Virginia
90%
2Indiana
89%
6Virginia
86%
1Illinois
83%
3Missouri
83%

Score Distribution

Percentile by Number Answered

Percent of People with Each Score

Your Score History

You have not taken this quiz